000 00759nam a2200181Ia 4500
005 20240530104017.0
008 140319s1976 xx 000 0 ara d
040 _aGCL /
_cGCL
082 0 4 _a509 /
_bا ت
100 1 _aاحمد يوسف الحسن
245 1 0 _aتقى الدين والهندسة الميكانيكية العربية مع كتاب الطرق السنية فى الالات الروحانية من القرن السادس عشر /
_cاحمد يوسف الحسن
260 _aدمشق :
_bمعهد التراث العلمى العربى - جامعة حلب ،
_c1976
300 _aمتعدد ؛
650 0 4 _aالهندسة
650 0 4 _aالعلوم عند العرب
942 _2ddc
_cBK
999 _c44091
_d44091